000 01147nam a22002777a 4500
001 6399
003 FISKH
005 20250815131415.0
008 250428b cb ||||| |||| 00| 0 eng d
020 _a9780439389181
040 _aFISKH
_beng
_cFISKH
_dFISKH
050 _aQA113.P34525
082 _a595.7 LCC
100 _aPallotta, Jerry
245 _aIcky bug shapes /
_cby Jerry Pallotta ; Illustrated by Shennen Bersani
260 _aNew York :
_bScholastic,
_c2003.
300 _a32 unnumbered pages :
_bcolor illustrations ;
_c21 ​x​ 26 cm
505 _aN
520 _aIntroduces the characteristics and activities of insects through the various shapes made by leafcutter ants, as well as demonstrating these forms with other insects and spiders. Kids will love learning their shapes with help from icky bugs. All the familiar shapes, such as squares, rectangles, circles, stars, and others are covered in this adorable young picture book.
521 8 _a570
_bLexile
521 8 _aN
_bRaz-Plus
650 _aInsects
_vMath
700 _aBersani, Shennen
_eillustrator
942 _2ddc
_cBK
_n0
999 _c6399
_d6399